Spon's External Works and Landscape Price Book 2018 (Record no. 116129)
[ view plain ]
| 000 -LEADER | |
|---|---|
| fixed length control field | 01267cad a22002775a 4500 |
| 001 - CONTROL NUMBER | |
| control field | L159825 |
| 008 - FIXED-LENGTH DATA ELEMENTS--GENERAL INFORMATION | |
| fixed length control field | 180302s2017 xxk f 000 0 eng d |
| 020 ## - INTERNATIONAL STANDARD BOOK NUMBER | |
| International Standard Book Number | 9781315107677 |
| 035 ## - SYSTEM CONTROL NUMBER | |
| System control number | (Sirsi) u159825 |
| 041 0# - LANGUAGE CODE | |
| Language code of text/sound track or separate title | eng |
| 110 1# - MAIN ENTRY--CORPORATE NAME | |
| Corporate name or jurisdiction name as entry element | AECOM |
| 245 00 - TITLE STATEMENT | |
| Title | Spon's External Works and Landscape Price Book 2018 |
| Medium | [electronic resource] |
| 250 ## - EDITION STATEMENT | |
| Edition statement | 37th ed |
| 260 ## - PUBLICATION, DISTRIBUTION, ETC. | |
| Place of publication, distribution, etc. | Abingdon |
| Name of publisher, distributor, etc. | CRC Press |
| Date of publication, distribution, etc. | 2017 |
| 520 ## - SUMMARY, ETC. | |
| Summary, etc. | Includes material and measured work prices covering contract items from preliminaries and site clearance and encompassing every external works activity with full breakdowns into labour, materials and other components. Detailed guidance on wage rates, landscape consultants' fee scales. Extensive Approximate Estimates section for rapid spot estimating. |
| 520 ## - SUMMARY, ETC. | |
| Summary, etc. | Supersedes 26thed ISBN 9781498796157 |
| 520 ## - SUMMARY, ETC. | |
| Summary, etc. | This item is archived on VLEBooks. Please contact [email protected] if you would like this title reactivated. Note we do not have more recent editions of this title available digitally. |
| 650 24 - SUBJECT ADDED ENTRY--TOPICAL TERM | |
| Topical term or geographic name entry element | LANDSCAPE |
| 650 24 - SUBJECT ADDED ENTRY--TOPICAL TERM | |
| Topical term or geographic name entry element | EXTERNAL WORKS |
| 650 24 - SUBJECT ADDED ENTRY--TOPICAL TERM | |
| Topical term or geographic name entry element | COSTS |
| 650 24 - SUBJECT ADDED ENTRY--TOPICAL TERM | |
| Topical term or geographic name entry element | EBOOK |
| 651 #4 - SUBJECT ADDED ENTRY--GEOGRAPHIC NAME | |
| Geographic name | United Kingdom |
| 690 ## - LOCAL SUBJECT ADDED ENTRY--TOPICAL TERM (OCLC, RLIN) | |
| Topical term or geographic name as entry element | Land use |
| 9 (RLIN) | 6251 |
| 710 1# - ADDED ENTRY--CORPORATE NAME | |
| Corporate name or jurisdiction name as entry element | LandPro Ltd Landscape Chartered Surveyors |
| 9 (RLIN) | 4654 |
| 942 ## - ADDED ENTRY ELEMENTS (KOHA) | |
| Suppress in OPAC | 0 |
| Source of classification or shelving scheme | Dewey Decimal Classification |
| Withdrawn status | Lost status | Source of classification or shelving scheme | Damaged status | Not for loan | Home library | Current library | Shelving location | Date acquired | Total Checkouts | Full call number | Barcode | Date last seen | Copy number | Price effective from | Koha item type |
|---|---|---|---|---|---|---|---|---|---|---|---|---|---|---|---|
| Dewey Decimal Classification | Virtual | Virtual | Online | 02/03/2018 | Archived | 159825-2001 | 23/12/2025 | 1 | 06/08/2019 | Book |